000 00694cam a2200217 a 4500
001 000008652
005 20200929161359.0
008 741203s1968 ve b 001 f spa
040 _aDO-SdBNP
_bspa
_cBNPHU
082 _aM863.44
_bM644r
100 1 _aMiliani, Domingo.
_95169
245 1 3 _aLa realidad mexicana en su novela de hoy /
_cDomingo Miliani.
260 _aCaracas :
_bMonte Avila,
_c[1968].
300 _a118 p. ;
_c19 cm.
490 1 _aEstudios
504 _aBibliografía: p. 107-112.
650 4 _aNovela mexicana
_xHistoria y crítica
_923090
651 4 _aMéxico
_xCondiciones Sociales
_xNovela
_923091
650 0 _aNovela mexicana
_ySIGLO XX
_923092
830 0 _aEstudios.
_93854
999 _c8422
_d8422